[Event "Kup Centralne Srbije 2013"]
[Site "Vrnjacka Banja"]
[Date "2013.04.28"]
[Round "8.1"]
[White "Rihterovic, Milan"]
[Black "Djukic, Zeljko"]
[Result "0-1"]
[WhiteElo "2199"]
[BlackElo "2395"]
[PlyCount "70"]
[EventDate "2013.03.24"]

1. c4 g6 2. Nf3 Bg7 3. g3 c5 4. Bg2 Nc6 5. O-O e6 6. Nc3 Nge7 7. d3 O-O 8. Bd2
h6 9. Rb1 d5 10. Qc1 Kh7 11. h4 b6 12. a3 d4 13. Na2 a5 14. b3 e5 15. Qc2 Be6
16. Be1 f5 17. h5 gxh5 18. b4 axb4 19. axb4 b5 20. Nd2 cxb4 21. Nxb4 Nxb4 22.
Rxb4 bxc4 23. Nxc4 Rc8 24. Qa4 Bd5 25. Nb6 Bxg2 26. Kxg2 Rc6 27. Nc4 h4 28. Rb7
Qd5+ 29. Kh2 hxg3+ 30. fxg3 Rxc4 31. Qd7 Qxd7 32. Rxd7 Rc2 33. Rxe7 Rxe2+ 34.
Kh3 Re3 35. Bb4 f4 0-1

[Event "Kup Centralne Srbije 2013"]
[Site "Vrnjacka Banja"]
[Date "2013.04.28"]
[Round "8.1"]
[White "Ilic, Zoran S"]
[Black "Markovic, Slavoljub"]
[Result "1-0"]
[WhiteElo "2284"]
[BlackElo "2239"]
[PlyCount "67"]
[EventDate "2013.03.24"]

1. d4 d5 2. Nf3 e6 3. c4 c6 4. Nbd2 f5 5. g3 Nf6 6. Bg2 Be7 7. b3 O-O 8. Bb2
Qe8 9. O-O Qh5 10. Ne5 Nbd7 11. Nd3 g5 12. f3 Qg6 13. Re1 Rf7 14. e4 Rg7 15.
Qe2 h5 16. Rac1 h4 17. cxd5 exd5 18. Ne5 Qh7 19. exf5 hxg3 20. hxg3 Qxf5 21.
Nf1 Nf8 22. Ne3 Qe6 23. Qd3 Nh5 24. Kf2 g4 25. N3xg4 Nxg3 26. Kxg3 Qh6 27. Rh1
Qg5 28. Kf2 Bxg4 29. Nxg4 Nh7 30. Qe3 Qg6 31. Rh6 Bg5 32. Qe6+ Qxe6 33. Rxe6
Bxc1 34. Bxc1 1-0

[Event "Kup Centralne Srbije 2013"]
[Site "Vrnjacka Banja"]
[Date "2013.04.28"]
[Round "8.1"]
[White "Kostic, Ninoslav"]
[Black "Mitrovic, Darko R"]
[Result "0-1"]
[WhiteElo "2186"]
[BlackElo "2259"]
[PlyCount "86"]
[EventDate "2013.03.24"]

1. d4 Nf6 2. c3 b6 3. Bg5 e6 4. Nd2 Bb7 5. Ngf3 Be7 6. e3 c5 7. Bd3 d5 8. O-O
O-O 9. Ne5 Nfd7 10. Bxe7 Qxe7 11. f4 Ba6 12. Bxa6 Nxa6 13. Rf3 f6 14. Nxd7 Qxd7
15. Rh3 Nc7 16. a4 Ne8 17. a5 Nd6 18. Qe2 g6 19. Rf3 Qc7 20. Qa6 Qb7 21. Qxb7
Nxb7 22. axb6 axb6 23. Rff1 Kf7 24. Kf2 Ke7 25. Ke2 Kd7 26. Kd3 Kc6 27. b3 Nd6
28. Rfc1 b5 29. dxc5 Kxc5 30. Nf3 Rfe8 31. Nd2 Kb6 32. g3 Rxa1 33. Rxa1 Rc8 34.
g4 e5 35. h3 e4+ 36. Kd4 b4 37. c4 dxc4 38. bxc4 Nb7 39. Nb3 Rd8+ 40. Kxe4 Nc5+
41. Nxc5 Kxc5 42. Ra7 b3 43. Rxh7 Kc6 0-1

[Event "Kup Centralne Srbije 2013"]
[Site "Vrnjacka Banja"]
[Date "2013.04.28"]
[Round "8.3"]
[White "Tojagic, Dane"]
[Black "Djokic, Nebojsa"]
[Result "1-0"]
[WhiteElo "2276"]
[BlackElo "2206"]
[PlyCount "46"]
[EventDate "2013.03.24"]

1. d4 Nf6 2. c4 g6 3. Nc3 Bg7 4. e4 d6 5. f3 O-O 6. Be3 c5 7. dxc5 dxc5 8. e5
Nfd7 9. f4 g5 10. g3 Nc6 11. Nf3 f6 12. e6 Nb6 13. f5 g4 14. Nh4 Nd4 15. Bd3
Nxe6 16. fxe6 Bxe6 17. Qe2 f5 18. O-O Qc8 19. Rae1 Bd7 20. Nd5 Nxd5 21. cxd5 e5
22. dxe6 Bxe6 23. Bc4 b6 1-0

[Event "Kup Centralne Srbije 2013"]
[Site "Vrnjacka Banja"]
[Date "2013.04.28"]
[Round "8.3"]
[White "Djukic, Slobodan D"]
[Black "Markovic, Dragan P"]
[Result "0-1"]
[WhiteElo "2191"]
[BlackElo "2238"]
[PlyCount "97"]
[EventDate "2013.03.24"]

1. e4 c6 2. d4 d5 3. e5 Bf5 4. Nc3 e6 5. g4 Bg6 6. Nge2 c5 7. h4 cxd4 8. Nxd4
h5 9. Bg5 Qb6 10. Bb5+ Nc6 11. Be3 Qc7 12. f4 Nge7 13. Be2 a6 14. gxh5 Bh7 15.
Bg4 Nxd4 16. Bxd4 Nf5 17. Ne2 Nh6 18. Bf3 Qxc2 19. Rc1 Qxd1+ 20. Kxd1 Kd7 21.
Bf2 Be7 22. Nd4 Rac8 23. Rg1 Rxc1+ 24. Kxc1 Rc8+ 25. Kd2 Bb4+ 26. Kd1 Bf8 27.
Kd2 Nf5 28. Nxf5 Bxf5 29. Bd1 Rc4 30. Be3 Re4 31. Rg3 Bb4+ 32. Kd3 d4 33. Bxd4
Re1+ 34. Kc4 Rxd1 35. Rxg7 b5+ 36. Kxb4 Rxd4+ 37. Ka5 Rc4 38. Kb6 Ke7 39. h6
Rxf4 40. Kxa6 Rxh4 41. Kxb5 Rxh6 42. b4 Rh5 43. Kc5 Bg6 44. Rg8 Rxe5+ 45. Kb6
Bc2 46. Ra8 f5 47. a4 f4 48. a5 Bd3 49. Kc7 0-1

[Event "Kup Centralne Srbije 2013"]
[Site "Vrnjacka Banja"]
[Date "2013.04.28"]
[Round "8.4"]
[White "Smolovic, Mile"]
[Black "Trailovic, Mile"]
[Result "1/2-1/2"]
[WhiteElo "2367"]
[BlackElo "2141"]
[PlyCount "84"]
[EventDate "2013.03.24"]

1. e4 g6 2. d4 Bg7 3. Nf3 d6 4. Bc4 h6 5. c3 e6 6. Bf4 a6 7. Nbd2 Ne7 8. O-O
Nd7 9. Qe2 b6 10. Rad1 Bb7 11. Rfe1 Nf6 12. Bb3 Nh5 13. Be3 Nf6 14. Bc2 Qd7 15.
h3 Qb5 16. Qxb5+ axb5 17. a3 d5 18. e5 Nd7 19. Bd3 Bc6 20. g4 Nc8 21. Nh2 Na7
22. f4 O-O-O 23. Ndf1 h5 24. Nf3 hxg4 25. hxg4 Nb8 26. Ng3 Rdg8 27. Kg2 Be8 28.
Ne2 Nbc6 29. Rg1 Na5 30. Kf2 Nc4 31. Bc1 Bf8 32. Rdf1 Nc6 33. f5 gxf5 34. gxf5
Rxg1 35. Rxg1 Bd7 36. Ng3 Be7 37. f6 Bf8 38. Ng5 Rh2+ 39. Rg2 Rxg2+ 40. Kxg2
Bh6 41. Bxc4 Bxg5 42. Bxg5 bxc4 1/2-1/2

[Event "Kup Centralne Srbije 2013"]
[Site "Vrnjacka Banja"]
[Date "2013.04.28"]
[Round "8.4"]
[White "Tosic, Branislav"]
[Black "Irizanin, Radoje"]
[Result "1/2-1/2"]
[WhiteElo "2234"]
[BlackElo "2335"]
[PlyCount "52"]
[EventDate "2013.03.24"]

1. d4 d5 2. Nf3 c6 3. Nc3 Bf5 4. Bf4 Nf6 5. e3 e6 6. Bd3 Bg6 7. Ne5 Bxd3 8.
cxd3 Nbd7 9. O-O Be7 10. a3 O-O 11. h3 a6 12. Qb3 Qb6 13. Qxb6 Nxb6 14. Rac1
Nfd7 15. Rc2 Nxe5 16. Bxe5 Nd7 17. Bg3 Bf6 18. Na4 Be7 19. Nc3 f5 20. Ne2 g5
21. f4 h6 22. Nc1 Rae8 23. Nb3 Bd8 24. Rcf2 Nf6 25. fxg5 hxg5 26. Bd6 Rf7
1/2-1/2

[Event "Kup Centralne Srbije 2013"]
[Site "Vrnjacka Banja"]
[Date "2013.04.28"]
[Round "8.4"]
[White "Mirkovic, Stevan"]
[Black "Dragic, Vladimir"]
[Result "1-0"]
[WhiteElo "2294"]
[BlackElo "2119"]
[PlyCount "85"]
[EventDate "2013.03.24"]

1. Nf3 g6 2. c4 Bg7 3. Nc3 e5 4. g3 f5 5. d3 h6 6. Bg2 g5 7. O-O d6 8. Qb3 Na6
9. Rd1 Nc5 10. Qc2 Ne6 11. b3 Nf6 12. Bb2 c6 13. Na4 c5 14. e3 O-O 15. Ne1 f4
16. d4 fxe3 17. fxe3 exd4 18. exd4 Ng4 19. dxc5 Ne3 20. Qg6 Nxd1 21. Rxd1 Qe8
22. Qxe8 Rxe8 23. Bxg7 Kxg7 24. cxd6 Bd7 25. Bxb7 Rab8 26. Bd5 Bxa4 27. bxa4
Nc5 28. Nd3 Nxa4 29. Bc6 Nc3 30. Bxe8 Nxd1 31. d7 Ne3 32. Ne5 Kf8 33. c5 a6 34.
Ng6+ Kg7 35. Ne7 Kf8 36. Nc8 Rb1+ 37. Kf2 Ng4+ 38. Ke2 Rb2+ 39. Ke1 Rb4 40.
d8=Q Re4+ 41. Kd2 Rxe8 42. Qd6+ Kf7 43. Qd7+ 1-0

[Event "Kup Centralne Srbije 2013"]
[Site "Vrnjacka Banja"]
[Date "2013.04.28"]
[Round "8.4"]
[White "Devetak, Dusan"]
[Black "Gavrilovic, Leonardo"]
[Result "0-1"]
[WhiteElo "2152"]
[BlackElo "2259"]
[PlyCount "55"]
[EventDate "2013.03.24"]

1. e4 Nf6 2. Nc3 d5 3. exd5 Nxd5 4. Nxd5 Qxd5 5. d4 Nc6 6. Be3 e5 7. dxe5 Qxe5
8. c3 Bc5 9. Nf3 Qe7 10. Qe2 O-O 11. Bxc5 Qxc5 12. Qe3 Qh5 13. Be2 Bg4 14.
O-O-O Rfe8 15. Qd2 Qc5 16. Bd3 Rad8 17. Rhe1 Rxe1 18. Qxe1 Bxf3 19. gxf3 g6 20.
Qe3 Qh5 21. f4 Qxh2 22. Qf3 Qh4 23. Kc2 Rd4 24. f5 Rf4 25. Qd5 Rxf2+ 26. Kb1
Qg4 27. Bc2 Qg2 28. Qd3 0-1

[Event "Kup Centralne Srbije 2013"]
[Site "Vrnjacka Banja"]
[Date "2013.04.28"]
[Round "8.5"]
[White "Marinkovic, Zoran"]
[Black "Zlatanovic, Zoran"]
[Result "0-1"]
[WhiteElo "2262"]
[BlackElo "2163"]
[PlyCount "93"]
[EventDate "2013.03.24"]

1. e4 c5 2. Nf3 d6 3. Bb5+ Nd7 4. O-O Ngf6 5. Re1 a6 6. Bf1 Qc7 7. c3 e5 8. d4
Be7 9. a4 O-O 10. dxe5 dxe5 11. a5 Nb8 12. Nbd2 Nc6 13. Nc4 Be6 14. Qa4 Rad8
15. Bg5 Rfe8 16. Bxf6 Bxf6 17. Ne3 Ne7 18. Bc4 Bxc4 19. Qxc4 Qc6 20. Ra3 Nc8
21. Nd5 Nd6 22. Nxf6+ gxf6 23. Qe2 Qb5 24. Qxb5 axb5 25. a6 Nc4 26. Ra2 Ra8 27.
b3 Nb6 28. Rea1 Red8 29. Kf1 bxa6 30. Rxa6 c4 31. Rxa8 Rxa8 32. Rxa8+ Nxa8 33.
b4 Kf8 34. Nh4 Ke7 35. Nf5+ Ke6 36. Ke2 Nb6 37. g4 Na4 38. Kd2 Nb6 39. Ne3 Kd6
40. Ke2 Ke7 41. Kf3 Kf8 42. Nd5 Nc8 43. Nxf6 Kg7 44. Ne8+ Kf8 45. Nc7 Nd6 46.
Ke3 f6 47. f3 0-1

[Event "Kup Centralne Srbije 2013"]
[Site "Vrnjacka Banja"]
[Date "2013.04.28"]
[Round "8.5"]
[White "Kalcic, Krsta"]
[Black "Kurcubic, Aleksandar"]
[Result "0-1"]
[WhiteElo "2246"]
[BlackElo "2272"]
[PlyCount "68"]
[EventDate "2013.03.24"]

1. e4 e5 2. Nf3 Nc6 3. d4 exd4 4. Nxd4 Bc5 5. Nxc6 bxc6 6. Bc4 Qf6 7. O-O Ne7
8. Nc3 d6 9. Na4 Bb6 10. Nxb6 axb6 11. Qe2 Be6 12. a4 O-O 13. Ra3 Ng6 14. Bd3
Nf4 15. Bxf4 Qxf4 16. Rfa1 f5 17. exf5 Bxf5 18. Bxf5 Qxf5 19. Rf3 Qd5 20. Rd1
Rfe8 21. Qf1 Qe4 22. b3 Qxc2 23. Rc1 Qd2 24. Rd3 Qb4 25. Rc4 Qa5 26. Rdc3 c5
27. Qd1 Re5 28. f4 Re7 29. h3 Rae8 30. Qd5+ Kh8 31. Kh2 Qa8 32. Qg5 d5 33. f5
dxc4 34. f6 Rf7 0-1

[Event "Kup Centralne Srbije 2013"]
[Site "Vrnjacka Banja"]
[Date "2013.04.28"]
[Round "8.5"]
[White "Urosevic, Radojko"]
[Black "Stojanovic, Jovica M"]
[Result "1-0"]
[WhiteElo "2214"]
[BlackElo "2047"]
[PlyCount "111"]
[EventDate "2013.03.24"]

1. e4 c5 2. Nf3 e6 3. d4 cxd4 4. Nxd4 Nc6 5. Nc3 Qc7 6. g3 a6 7. Bg2 Nf6 8. O-O
Be7 9. a3 O-O 10. Re1 Nxd4 11. Qxd4 Bc5 12. Qd1 d6 13. Qe2 Nd7 14. Be3 Bxe3 15.
Qxe3 Ne5 16. Qe2 Bd7 17. Rec1 b5 18. Nd1 Rac8 19. Ne3 Qb6 20. c3 Rc7 21. Rd1
Rd8 22. Rd4 Be8 23. Rad1 f6 24. R1d2 Bf7 25. Qd1 Rcd7 26. h3 Qc5 27. Kh2 Nc4
28. Re2 h5 29. h4 Ne5 30. a4 Nc6 31. Rdd2 Ne5 32. Rd4 Nc6 33. Rdd2 Ne5 34. axb5
axb5 35. f4 Nc4 36. Nxc4 bxc4 37. e5 f5 38. exd6 Rxd6 39. Rxd6 Rxd6 40. Rd2
Rxd2 41. Qxd2 e5 42. fxe5 Qxe5 43. Qd8+ Kh7 44. Qg5 Bg6 45. Qd2 Bf7 46. Bf3 Qc5
47. Kg2 Qb6 48. Qe2 g6 49. Qd2 Kg7 50. Qd4+ Qxd4 51. cxd4 Kf6 52. Kf2 g5 53.
hxg5+ Kxg5 54. Ke3 Kf6 55. Kf4 Be6 56. Bxh5 1-0

[Event "Kup Centralne Srbije 2013"]
[Site "Vrnjacka Banja"]
[Date "2013.04.28"]
[Round "8.5"]
[White "Milutinovic, Stefana"]
[Black "Dolovic, Dusko"]
[Result "1/2-1/2"]
[WhiteElo "2009"]
[BlackElo "2171"]
[PlyCount "97"]
[EventDate "2013.03.24"]

1. d4 Nf6 2. c4 e6 3. Nf3 b6 4. g3 Bb7 5. Bg2 Be7 6. O-O O-O 7. Nc3 Ne4 8. Nxe4
Bxe4 9. Bf4 d6 10. Qd2 Nd7 11. Rfd1 Kh8 12. Ne1 Bxg2 13. Nxg2 f5 14. f3 Bf6 15.
Be3 Qe7 16. Rac1 e5 17. d5 a5 18. a3 g5 19. b3 f4 20. Bf2 Rae8 21. b4 axb4 22.
axb4 fxg3 23. hxg3 e4 24. Bd4 Qg7 25. Bxf6 Qxf6 26. Rf1 exf3 27. Rxf3 Qg7 28.
Rcf1 Rxf3 29. exf3 Ne5 30. Qc3 g4 31. fxg4 Qxg4 32. Nf4 Rg8 33. Kf2 Ra8 34. Kg1
h5 35. Kh1 Rg8 36. Kh2 h4 37. gxh4 Qxh4+ 38. Qh3 Qxh3+ 39. Kxh3 Nxc4 40. Rc1 b5
41. Ne6 Rc8 42. Nd4 Ne3 43. Nxb5 Nxd5 44. Nxd6 Rb8 45. Nf5 Rxb4 46. Rc5 Nf4+
47. Kg3 Ne6 48. Rc6 Re4 49. Ne7 1/2-1/2

[Event "Kup Centralne Srbije 2013"]
[Site "Vrnjacka Banja"]
[Date "2013.04.28"]
[Round "8.6"]
[White "Kahrovic, Mersid"]
[Black "Zivkovic, Ivan B"]
[Result "1/2-1/2"]
[WhiteElo "2308"]
[BlackElo "2339"]
[PlyCount "20"]
[EventDate "2013.03.24"]

1. c4 Nf6 2. Nc3 g6 3. g3 Bg7 4. Bg2 O-O 5. Nf3 d6 6. d4 c6 7. e4 Qa5 8. O-O
Qh5 9. Be3 Bg4 10. Re1 Nbd7 1/2-1/2

[Event "Kup Centralne Srbije 2013"]
[Site "Vrnjacka Banja"]
[Date "2013.04.28"]
[Round "8.6"]
[White "Dumic, Marko"]
[Black "Zajic, Milun"]
[Result "1/2-1/2"]
[WhiteElo "2268"]
[BlackElo "1913"]
[PlyCount "22"]
[EventDate "2013.03.24"]

1. d4 Nf6 2. c4 g6 3. Nc3 Bg7 4. e4 d6 5. f3 O-O 6. Be3 Nbd7 7. Qd2 e5 8. Nge2
c6 9. g4 Re8 10. O-O-O a5 11. d5 c5 1/2-1/2

[Event "Kup Centralne Srbije 2013"]
[Site "Vrnjacka Banja"]
[Date "2013.04.28"]
[Round "8.6"]
[White "Zivanovic, Blagoje"]
[Black "Brajovic, Miroljub"]
[Result "1/2-1/2"]
[WhiteElo "1779"]
[BlackElo "2161"]
[PlyCount "20"]
[EventDate "2013.03.24"]

1. e4 d5 2. exd5 Qxd5 3. Nc3 Qa5 4. d4 Nf6 5. Nf3 c6 6. Be2 e6 7. O-O Be7 8. h3
O-O 9. a3 Qc7 10. Be3 Re8 1/2-1/2

[Event "Kup Centralne Srbije 2013"]
[Site "Vrnjacka Banja"]
[Date "2013.04.28"]
[Round "8.8"]
[White "Bajevic, Branko"]
[Black "Blagojevic, Nebojsa"]
[Result "1-0"]
[WhiteElo "2144"]
[BlackElo "2324"]
[PlyCount "65"]
[EventDate "2013.03.24"]

1. c4 e5 2. Nc3 Nf6 3. Nf3 Nc6 4. d4 exd4 5. Nxd4 Nxd4 6. Qxd4 Be7 7. g3 O-O 8.
Bg2 h6 9. O-O Re8 10. b3 Bf8 11. Bb2 a6 12. e4 Qe7 13. e5 Qxe5 14. Qxe5 Rxe5
15. Nd5 Re2 16. Bxf6 gxf6 17. Rfe1 Re6 18. Nxc7 Rb8 19. Nxe6 fxe6 20. f4 Kf7
21. f5 Bc5+ 22. Kh1 e5 23. a3 a5 24. Reb1 b5 25. a4 Bd4 26. axb5 Bxa1 27. Rxa1
Bb7 28. Bxb7 Rxb7 29. Rxa5 Ke7 30. Kg2 Rc7 31. b6 Rb7 32. c5 Kf8 33. b4 1-0

[Event "Kup Centralne Srbije 2013"]
[Site "Vrnjacka Banja"]
[Date "2013.04.28"]
[Round "8.8"]
[White "Mitrovic, Marjan"]
[Black "Vujovic, Radojica"]
[Result "1/2-1/2"]
[WhiteElo "2113"]
[BlackElo "2088"]
[PlyCount "34"]
[EventDate "2013.03.24"]

1. Nf3 Nf6 2. g3 e6 3. Bg2 d5 4. O-O Bd6 5. d4 Nbd7 6. Nbd2 O-O 7. c4 c6 8. Qc2
a6 9. a4 Re8 10. Rd1 Qe7 11. b3 e5 12. dxe5 Nxe5 13. Nxe5 Bxe5 14. Ba3 Qe6 15.
Rac1 Bd4 16. e3 Ba7 17. c5 Qg4 1/2-1/2

[Event "Kup Centralne Srbije 2013"]
[Site "Vrnjacka Banja"]
[Date "2013.04.28"]
[Round "8.8"]
[White "Lazic, Miodrag"]
[Black "Mitrovic, Mikica"]
[Result "1-0"]
[WhiteElo "2013"]
[BlackElo "1974"]
[PlyCount "75"]
[EventDate "2013.03.24"]

1. e4 d6 2. g3 Nf6 3. Bg2 g6 4. Ne2 Bg7 5. O-O O-O 6. d4 e5 7. h3 Nc6 8. Be3
Nh5 9. Qd2 f5 10. exf5 gxf5 11. Bg5 Qe8 12. dxe5 dxe5 13. Nbc3 Be6 14. Rad1 Qg6
15. Nd5 Rf7 16. Kh1 Rd7 17. b4 Re8 18. c4 Kh8 19. b5 Nd8 20. Qc1 Nf7 21. Be3
Nd6 22. Nxc7 Rxc7 23. Rxd6 Bf8 24. Rxe6 Qxe6 25. Bd5 Qg6 26. Rd1 Nf6 27. Bg2
Qh5 28. Qc2 Rec8 29. Qb2 Bg7 30. Rd2 Ne4 31. Rc2 b6 32. Qc1 Nd6 33. c5 bxc5 34.
a4 Ne4 35. Kh2 Qf7 36. Rc4 Nd6 37. Rc2 c4 38. Nc3 1-0

[Event "Kup Centralne Srbije 2013"]
[Site "Vrnjacka Banja"]
[Date "2013.04.28"]
[Round "8.8"]
[White "Vukovic, Milutin"]
[Black "Merdovic, Miroljub"]
[Result "0-1"]
[WhiteElo "1938"]
[BlackElo "2153"]
[PlyCount "94"]
[EventDate "2013.03.24"]

1. e4 c6 2. Nf3 d6 3. Nc3 Bg4 4. h3 Bh5 5. Be2 Qc7 6. d4 e5 7. dxe5 dxe5 8. O-O
Nd7 9. Be3 Ngf6 10. Nh2 Bg6 11. Bf3 Bb4 12. Qd3 Bxc3 13. bxc3 O-O 14. Rfe1 Rfe8
15. Ng4 Nxg4 16. Bxg4 Nf6 17. Bf5 Rad8 18. Qc4 b5 19. Qc5 Nxe4 20. Bxe4 Bxe4
21. Qxa7 Qxa7 22. Bxa7 Bxc2 23. Bb6 Ra8 24. Re2 Bd3 25. Rd2 e4 26. f3 f5 27.
fxe4 fxe4 28. Kf2 Ra4 29. a3 Rc4 30. Rc1 Ra8 31. Ra2 b4 32. Bd4 b3 33. Rb2 Rxa3
34. Ke3 Kf7 35. Rf2+ Kg6 36. Rb2 h6 37. Rd1 c5 38. Be5 Rca4 39. Bd6 Ra2 40.
Rdb1 Rxb2 41. Rxb2 c4 42. Kd2 Bc2 43. Bf4 Kf5 44. Be3 Ra1 45. g4+ Ke5 46. Bd4+
Kf4 47. Bxg7 e3+ 0-1

[Event "Kup Centralne Srbije 2013"]
[Site "Vrnjacka Banja"]
[Date "2013.04.28"]
[Round "8.9"]
[White "Marcetic, Predrag"]
[Black "Stojiljkovic, Tamara"]
[Result "1-0"]
[WhiteElo "2256"]
[BlackElo "1774"]
[PlyCount "41"]
[EventDate "2013.03.24"]

1. e4 c5 2. Nf3 d6 3. c3 Nf6 4. Be2 Nc6 5. d4 cxd4 6. cxd4 e6 7. Nc3 Be7 8. d5
Nb8 9. Bb5+ Bd7 10. dxe6 fxe6 11. Qb3 Bxb5 12. Qxb5+ Qd7 13. e5 Nd5 14. Nxd5
exd5 15. Qxd5 Nc6 16. e6 Qc7 17. O-O h6 18. Qh5+ Kd8 19. Bf4 Rf8 20. Bg3 Bf6
21. Rad1 1-0

[Event "Kup Centralne Srbije 2013"]
[Site "Vrnjacka Banja"]
[Date "2013.04.28"]
[Round "8.9"]
[White "Pavlovic, Branka"]
[Black "Milosevic, Zoran"]
[Result "0-1"]
[WhiteElo "1806"]
[BlackElo "2249"]
[PlyCount "120"]
[EventDate "2013.03.24"]

1. e4 c5 2. Nf3 e6 3. d4 cxd4 4. Nxd4 Nf6 5. Nc3 d6 6. Be2 a6 7. a4 Nbd7 8. Be3
b6 9. f4 Bb7 10. Bf3 Qc7 11. Qe2 Nc5 12. Bf2 h5 13. h3 g6 14. O-O e5 15. fxe5
dxe5 16. Nb3 Rd8 17. Rad1 Rxd1 18. Rxd1 Be7 19. Qc4 O-O 20. Nd5 Nxd5 21. exd5
Bd6 22. Nxc5 bxc5 23. Qh4 f5 24. Qg5 Qg7 25. Be2 Kh7 26. Be1 Be7 27. Qe3 Rd8
28. c4 Qf6 29. Bc3 Bd6 30. Rf1 Bc8 31. Bd3 Re8 32. Rb1 f4 33. Qe2 Qg5 34. Qf3
Bf5 35. Be4 Bd7 36. a5 Rb8 37. Bc2 Bf5 38. Be4 Kh6 39. Kh1 Rb3 40. Re1 Qh4 41.
Rc1 Rb8 42. Be1 Qf6 43. Bc3 g5 44. h4 Bg4 45. hxg5+ Qxg5 46. Qf2 Rf8 47. Bd2 h4
48. Rc3 Kg7 49. Bf3 Bf5 50. Rb3 e4 51. Bc3+ Kg8 52. Be2 h3 53. Rb7 Qxg2+ 54.
Qxg2+ hxg2+ 55. Kxg2 f3+ 56. Kf2 Rf7 57. Rxf7 Kxf7 58. Bf1 Bf4 59. b4 Bg4 60.
Ke1 e3 0-1

[Event "Kup Centralne Srbije 2013"]
[Site "Vrnjacka Banja"]
[Date "2013.04.28"]
[Round "8.9"]
[White "Djokovic, Nebojsa"]
[Black "Arandjelovic, Aleksandar Z"]
[Result "1-0"]
[WhiteElo "2115"]
[BlackElo "2015"]
[PlyCount "59"]
[EventDate "2013.03.24"]

1. e4 c5 2. Nc3 Nc6 3. f4 d6 4. Bb5 Bd7 5. Nf3 a6 6. Bxc6 bxc6 7. d3 Rb8 8. b3
g6 9. Bb2 Bg7 10. O-O Nh6 11. h3 O-O 12. Qe1 f6 13. e5 Nf5 14. Ne4 Qc7 15. g4
Nd4 16. Nxd4 cxd4 17. exd6 exd6 18. Bxd4 c5 19. Qc3 Qd8 20. Qc4+ Kh8 21. Bb2
Bc8 22. Qd5 Rb6 23. Nf2 Bb7 24. Qc4 Rb4 25. Qe6 Re8 26. Qf7 Re7 27. Bxf6 Rxf7
28. Bxd8 Bxa1 29. Rxa1 Rbxf4 30. Rf1 1-0

[Event "Kup Centralne Srbije 2013"]
[Site "Vrnjacka Banja"]
[Date "2013.04.28"]
[Round "8.9"]
[White "Todorovic, Sasa"]
[Black "Mijanovic, Dragan"]
[Result "1/2-1/2"]
[WhiteElo "1910"]
[BlackElo "2103"]
[PlyCount "100"]
[EventDate "2013.03.24"]

1. d4 d5 2. Nc3 Bf5 3. e3 e6 4. Bd3 Bxd3 5. Qxd3 a6 6. Nf3 Nf6 7. Bd2 c5 8. O-O
Nc6 9. a3 Qc7 10. e4 cxd4 11. Nxd4 dxe4 12. Nxe4 Rd8 13. Nxf6+ gxf6 14. c3 e5
15. Qe3 Nxd4 16. cxd4 Rxd4 17. Bc3 Rg4 18. Qf3 Rhg8 19. g3 R8g6 20. Rac1 Qc6
21. Qxc6+ bxc6 22. Ba5 f5 23. Rfe1 Re6 24. Bc7 f6 25. Rcd1 Be7 26. Rd3 h5 27.
Rf3 Kd7 28. Bb8 Rg8 29. Ba7 c5 30. b4 cxb4 31. axb4 Bxb4 32. Rd1+ Rd6 33. Rxd6+
Kxd6 34. Rxf5 Ke6 35. Rxh5 Ra8 36. Rh7 a5 37. Rb7 Bc3 38. Bc5 Kd5 39. Ba3 Kc4
40. h4 Bb4 41. Bxb4 axb4 42. Kg2 b3 43. Kf3 Ra4 44. h5 Kc3 45. h6 b2 46. h7 Ra8
47. Ke4 Rh8 48. Rc7+ Kd2 49. Rb7 Kc1 50. Rc7+ Kd2 1/2-1/2

[Event "Kup Centralne Srbije 2013"]
[Site "Vrnjacka Banja"]
[Date "2013.04.28"]
[Round "8.10"]
[White "Keca, Dragomir"]
[Black "Colovic, Zoran"]
[Result "1/2-1/2"]
[WhiteElo "2188"]
[BlackElo "2120"]
[PlyCount "74"]
[EventDate "2013.03.24"]

1. c4 Nf6 2. Nf3 g6 3. Nc3 d6 4. g3 Bg7 5. Bg2 O-O 6. O-O c5 7. d4 Nbd7 8. d5
a6 9. a4 b6 10. e4 Qc7 11. h3 Bb7 12. Be3 Rfe8 13. Nd2 Ne5 14. f4 Nd3 15. Nf3
Nb4 16. g4 Nd7 17. Qd2 Nf8 18. f5 Nd7 19. Bh6 Bh8 20. fxg6 hxg6 21. h4 e6 22.
h5 Ne5 23. Nxe5 Bxe5 24. Qg5 Kh7 25. Rf3 Qe7 26. hxg6+ fxg6 27. Raf1 Qxg5 28.
Bxg5 Bc8 29. Rf8 Rxf8 30. Rxf8 Kg7 31. Rd8 exd5 32. Nxd5 Nxd5 33. exd5 b5 34.
b3 bxc4 35. bxc4 Rb8 36. Be4 Bf6 37. Bxf6+ Kxf6 1/2-1/2